Jonáš Záborský v novom rúchu

Bibliographic Details
Main Author: Nemec, Ladislav (Author)
Format: Article
Language:Slovak
Subjects:

MARC

LEADER 00000nab a2200000 a 4500
001 vtls009473164
003 SK-MaSNL
005 20260304154236.0
008 250507|19740213xo ||||||||||||00 b|slo
015 |a SNBRB1974 
035 |a (uuid)dc2e3820-b36f-49f5-a3bd-a8505d08cac1 
035 |a urn:nbn:sk:snk-abdrm1 
035 |a (urnnbn)urn:nbn:sk:snk:ar-000s0l 
038 |a SNKBUCL 
040 |a SNKBUCL  |b slo  |c SNKBUCL  |e AACR2 
041 0 |a slo 
044 |a xo  |c SK 
080 |a 792.2  |2 2001 
100 1 |a Nemec, Ladislav  |4 aut  |9 642652 
245 1 0 |a Jonáš Záborský v novom rúchu  |c Ladislav Nemec 
600 1 7 |a Záborský, Jonáš,  |d 1812-1876  |t Felicián Sáh  |2 snkbucl  |9 1230902 
610 2 7 |a Divadlo Jonáša Záborského  |2 snkbucl  |9 29722 
655 7 |a recenzie  |2 snkbucl  |9 21907 
773 0 |t Film a divadlo  |g Roč. 18, č. 9 (1974), s. 25-26 
850 |a Slovenská národná knižnica 
852 |a Slovenská národná knižnica 
954 |a odborná, vedecká literatúra pôvodná (slovenská)  |2 lita 
958 |a article19 
958 |a OND 
958 |a RC 
958 |a EUIPO 
999 |c 2956790  |d 2958720